Atomic energy for military purposes / (Record no. 184498)

000 -LEADER
fixed length control field 01112 a2200169 4500
003 - CONTROL NUMBER IDENTIFIER
control field Nust
005 - DATE AND TIME OF LATEST TRANSACTION
control field 20221202110602.0
040 ## - CATALOGING SOURCE
Transcribing agency Nust
082 ## - DEWEY DECIMAL CLASSIFICATION NUMBER
Classification number 539.3,SMY
100 ## - MAIN ENTRY--PERSONAL NAME
Personal name Smyth, Henry De Wolf,
9 (RLIN) 103989
245 ## - TITLE STATEMENT
Title Atomic energy for military purposes /
Statement of responsibility, etc. Henry DeWolf Smyth
260 ## - PUBLICATION, DISTRIBUTION, ETC.
Place of publication, distribution, etc. Princeton,
Name of publisher, distributor, etc. Princeton Univ. Press,
Date of publication, distribution, etc. 1948 [c1945]
300 ## - PHYSICAL DESCRIPTION
Extent vii, 308 p.
Other physical details illus. 20 cm.
505 ## - FORMATTED CONTENTS NOTE
Formatted contents note Introduction (Page-1), Statement Of The Problem (Page-31), Administrative History Upto December 1941 (Page-45), Progress Upto December 1941 (Page-55), Administrative History 1942-1945 (Page-75), The Metallurgical Project At Chicago In 1942 (Page-88), The Plutonium Production Problem As Of February 1943 (Page-108), The Plutonium Problem, January 1943 To June 1945 (Page-130), General Discussion Of The Separation Of Isotopes (Page-154), The Separation Of The Uranium Isotopes By Gaseous Diffusion (Page-172), Electromagnetic Separation Of Uranium Isotopes (Page-187), The Work On The Atomic Bomb (Page-206), General Summary (Page-223).
650 ## - SUBJECT ADDED ENTRY--TOPICAL TERM
Topical term or geographic name entry element Atomic energy
9 (RLIN) 103961
942 ## - ADDED ENTRY ELEMENTS (KOHA)
Source of classification or shelving scheme
Koha item type Book
Call number prefix 539.3,SMY
Holdings
Withdrawn status Lost status Source of classification or shelving scheme Damaged status Not for loan Permanent Location Current Location Shelving location Date acquired Full call number Barcode Date last seen Price effective from Koha item type Public note
          Military College of Signals (MCS) Military College of Signals (MCS) General Stacks 12/12/2016 539.3,SMY MCS7241 12/08/2016 12/12/2016 Book Almirah No.16, Shelf No.6
© 2023 Central Library, National University of Sciences and Technology. All Rights Reserved.